20 Most Dangerous U.S Cities - Statistics

General Stats
  • This quiz has been taken 465 times
  • The average score is 13 of 20
Answer Stats
# City State % Correct
2 Detroit Michigan
95%
6 Chicago Illinois
89%
15 New York City New York
88%
4 Philadelphia Pennsylvania
85%
11 Cleveland Ohio
83%
18 Atlanta Georgia
82%
13 Miami Florida
81%
3 St Louis Missouri
80%
10 Baltimore Maryland
78%
19 Washington D.C Maryland/Virginia
71%
9 Buffalo New York
68%
14 Kansas City Missouri
67%
5 Oakland California
61%
1 Flint Michigan
59%
8 Rochester New York
48%
12 Gary Indiana
44%
17 Syracuse New York
38%
16 Compton California
36%
7 Stockton California
31%
20 Canton Ohio
11%
No matching quizzes found
Score Distribution
Percent of People with Each Score
Percentile by Number Answered
Your Score History
You have not taken this quiz